1229 1350 1268 1033 1515 1640 1480 1353 1291 1644 1040 1029 1633 1199 1642 1342 1811 1736 1672 1222 1058 1031 1156 1014 1690 1437 1109 1228 1938 1976 1849 1450 1009 1739 1955 1868 1824 1553 1285 1429 1226 1704 1332 1077 1359 1849 1371 1869 1484 1061 1569 1453 1829 1372 1573 1088 1667 1135 1725 1269 1266 1292 1416 1017 1768 1339 1008 1728 1798 1952 1902 1169 1832 1568 1518 1640 1954 1421 1091 1269 1517 1194 1399 1362 1023 1567 1353 1494 1041 1741 1898 1344 1312 1221 1204 1262 1098 1246 1380 BCNSPRNW ULIB Ver.6.0+V

เปลี่ยนเป็นภาษาไทย

Change to English
 แสดงรายละเอียดบรรณานุกรม
  กลับหน้าหลัก

Brief Record : Get Marc (ISO 2709) : E-mail record : QR code < ปิดหน้าต่าง
LEADER : 00000nam 2200000uu 4500
001    13399114736
003     ULIB
008    120510s2553||||th 000 0 tha d
099    ^aวจ.LB1025^bบ788ค
100 0  ^aเบญจวรรณ ศรีโยธิน
245 00 ^aรูปแบบการสอนโดยใช้ Enquiry-based learning ในเรื่องกฎหมายที่เกียวข้องกับการประกอบวิชาชีพการพยาบาล/^cเบญจวรรณ ศรีโยธิน
246    ^aUsing enquiry-based learning in laws and regulations associated with nursing profession
260    ^aราชบุรี :^bวิทยาลัยพยาบาลบรมราชชนนี ราชบุรี,^c2553
300    ^a76 หน้า :^bตาราง
500    ^aรายงานการวิจัย
650  7 ^aการสอน^xวิจัย
650  7 ^aEnquiry-based learning^xวิจัย
650  7 ^a กฎหมายที่เกียวข้องกับการประกอบวิชาชีพการพยาบาล^xวิจัย
710 2  ^aวิทยาลัยพยาบาลบรมราชชนนี. ^bราชบุรี
945    ^p0^l0^i031738
995    ^aเกษร
999    ^aใช้งานได้ทุกระบบ
รายการนี้ยังไม่มีแท็ก
คุณยังไม่ได้ล็อกอิน คุณสามารถมีกิจกรรมร่วมกับเว็บไซต์ได้ แต่ต้องล็อกอินก่อน ::
  ล็อกอิน

รายการสื่อสารสนเทศ

ลำดับที่ ประเภท เลขเรียก/บาร์โค้ด สถานที่ สถานะ
1. วิทยาศาสตร์การแพทย์ และสุขภาพ
วิทยาศาสตร์การแพทย์ และสุขภาพ
วจ.LB1025 บ788ค  
  Barcode: 031738
ห้องสมุดวิทยาเขตสวรรค์ประชารักษ์
►วิจัย
บนชั้น

BibComment


ยังไม่เคยถูกคอมเมนท์

คอมเมนท์ทรัพยากรรายการนี้
  คอมเมนท์: รูปแบบการสอนโดยใ..


 Copyright 2026. Bcnsprnw @Library